Effects of irrigation methods on tomato yields, ឥទ្ធិពលនៃវិធីសាស្ត្រស្រោចស្រពទៅលើទិន្នផលដំណាំប៉េងប៉ោះ (Record no. 4247)

000 -LEADER
fixed length control field 00570nam a22001577a 4500
003 - CONTROL NUMBER IDENTIFIER
control field OSt
005 - DATE AND TIME OF LATEST TRANSACTION
control field 20151208163759.0
008 - FIXED-LENGTH DATA ELEMENTS--GENERAL INFORMATION
fixed length control field 151208b xxu||||| |||| 00| 0 eng d
040 ## - CATALOGING SOURCE
Transcribing agency RUA
082 ## - DEWEY DECIMAL CLASSIFICATION NUMBER
Classification number ATM LAY 2008 B195 Or.1
100 ## - MAIN ENTRY--PERSONAL NAME
9 (RLIN) 4558
Personal name LAY, SEAKHUN
245 ## - TITLE STATEMENT
Title Effects of irrigation methods on tomato yields, ឥទ្ធិពលនៃវិធីសាស្ត្រស្រោចស្រពទៅលើទិន្នផលដំណាំប៉េងប៉ោះ
260 ## - PUBLICATION, DISTRIBUTION, ETC. (IMPRINT)
Place of publication, distribution, etc. Phnom Penh
Name of publisher, distributor, etc. RUA
Date of publication, distribution, etc. 2008
300 ## - PHYSICAL DESCRIPTION
Extent xi, 51p.
Other physical details ill.
Dimensions 29cm.
942 ## - ADDED ENTRY ELEMENTS (KOHA)
Source of classification or shelving scheme
Koha item type ATM
Holdings
Price effective from Date last seen Permanent Location Not for loan Date acquired Date last checked out Source of classification or shelving scheme Koha item type Total Checkouts Barcode Lost status Damaged status Withdrawn status Current Location Full call number
2015-12-082018-11-14Library Block B 2015-12-082018-11-13 ATM1RUA009445   Library Block BATM LAY 2008 B195 Or.1
2015-12-082019-03-06Library Block B 2015-12-082019-02-08 ATM1RUA009589   Library Block BATM LAY 2008 B195 Or.2
2015-12-082023-11-24Library Block B 2015-12-082023-11-10 ATM2RUA009383   Library Block BATM LAY 2008 B195 Or.3
2015-12-082015-12-08Library Block B 2015-12-08  ATM RUA009538   Library Block BATM LAY 2008 B195 Or.4
2015-12-082019-07-15Library Block B 2015-12-082019-06-26 ATM2RUA009600   Library Block BATM LAY 2008 B195 Or.5
2015-12-082023-11-24Library Block B 2015-12-082023-11-10 ATM1RUA009466   Library Block BATM LAY 2008 B195 Or.6
2015-12-082019-09-04Library Block B 2015-12-082019-08-30 ATM5RUA009394   Library Block BATM LAY 2008 B195 Or.7
មជ្ឈមណ្ឌលឯការនៃសាកលវិទ្យាល័យភូមិន្ទកសិកម្មចំការដូង

Powered by Koha